Online
Catalog

Teatro / (Record no. 14632)

MARC details
000 -CABECERA
campo de control de longitud fija 00989nam a2200289 a 4500
001 - NÚMERO DE CONTROL
campo de control 000015060
005 - FECHA Y HORA DE LA ÚLTIMA TRANSACCIÓN
campo de control 20200929163937.0
008 - DATOS DE LONGITUD FIJA--INFORMACIÓN GENERAL
campo de control de longitud fija 100129s1958 ag 000 0 spa d
040 ## - FUENTE DE LA CATALOGACIÓN
Centro catalogador/agencia de origen DO-SdBNP
Lengua de catalogación spa
Centro/agencia transcriptor BNPHU
041 17 - CÓDIGO DE LENGUA
Código de lengua del texto/banda sonora o título independiente spa
Código de lengua original ger
Fuente del código Código de idioma MARC
082 ## - NÚMERO DE LA CLASIFICACIÓN DECIMAL DEWEY
Número de clasificación 832.9
Número de documento/Ítem H374t
049 ## - FONDOS LOCALES (OCLC)
Fondos de biblioteca BNGR
100 1# - ENTRADA PRINCIPAL--NOMBRE DE PERSONA
Nombre de persona Hauptmann, Gerhart,
Fechas asociadas al nombre 1862-1946
9 (RLIN) 34092
240 10 - TÍTULO UNIFORME
Título uniforme Fuhrman henschel = Rose bernd = Die finsternisse.
Lenguaje de la obra Español
245 10 - MENCIÓN DE TÍTULO
Título Teatro /
Mención de responsabilidad, etc. Gerhart Hauptmann ; traducción de Jorge C. Lehmann.
246 11 - FORMA VARIANTE DE TÍTULO
Texto de visualización Henschel, el carretero
246 11 - FORMA VARIANTE DE TÍTULO
Título propio/Titulo breve Rosa bernd
246 11 - FORMA VARIANTE DE TÍTULO
Título propio/Titulo breve Las tinieblas
260 ## - PUBLICACIÓN, DISTRIBUCIÓN, ETC.
Lugar de publicación, distribución, etc. Buenos Aires :
Nombre del editor, distribuidor, etc. Losada,
Fecha de publicación, distribución, etc. 1958.
300 ## - DESCRIPCIÓN FÍSICA
Extensión 193, [5] p. ;
Dimensiones 20 cm.
490 1# - MENCIÓN DE SERIE
Mención de serie Gran teatro del mundo
534 ## - NOTA SOBRE LA VERSIÓN ORIGINAL
Frase introductoria Título original en alemán:
Mención de título del original Fuhrman henschel = Rose bernd = Die finsternisse
650 #4 - PUNTO DE ACCESO ADICIONAL DE MATERIA--TÉRMINO DE MATERIA
Término de materia o nombre geográfico como elemento de entrada Teatro alemán
9 (RLIN) 12996
650 #4 - PUNTO DE ACCESO ADICIONAL DE MATERIA--TÉRMINO DE MATERIA
Término de materia o nombre geográfico como elemento de entrada Literatura alemana
9 (RLIN) 3274
700 1# - PUNTO DE ACCESO ADICIONAL--NOMBRE DE PERSONA
Nombre de persona Lehmann, Jorge C.,
Término indicativo de función/relación tr.
9 (RLIN) 34093
830 #0 - PUNTO DE ACCESO ADICIONAL DE SERIE-TÍTULO UNIFORME
Título uniforme Gran teatro del mundo
9 (RLIN) 29735
Holdings
Estado de retiro Estado de pérdida Restricciones de uso No para préstamo Código de colección Localización permanente Ubicación/localización actual Ubicación en estantería Fecha de adquisición Número de inventario Total de préstamos Signatura topográfica completa Código de barras Fecha visto por última vez Precio válido a partir de Tipo de ítem Koha
    Préstamo interno   Monografías: Libros y Folletos General General En catalogación 29.01.2010 LF1   832.9 H374t 15060-10 25.06.2020 25.06.2020 Préstamo interno

Powered by Koha